Model test for the IELTS with answers /
Academic module; General training module; Speaking test.
Sparad:
| Institutionell upphovsman: | |
|---|---|
| Övriga upphovsmän: | , |
| Materialtyp: | Bok |
| Publicerad: |
HCM.,
Nxb Trẻ
2004.
|
| Ämnen: | |
| Taggar: |
Lägg till en tagg
Inga taggar, Lägg till första taggen!
|
| Thư viện lưu trữ: | Mạng thư viện Đại học Đà Nẵng |
|---|
| LEADER | 01292nam a2200361 a 4500 | ||
|---|---|---|---|
| 001 | 000041650 | ||
| 003 | 19342 | ||
| 005 | 20220720153541.0 | ||
| 008 | 171030s2004 | ||
| 020 | |c 47000 | ||
| 040 | |a LNN | ||
| 082 | 0 | |a 428.0076 |b Mo-T | |
| 245 | 0 | 0 | |a Model test for the IELTS with answers / |c giới thiệu : Vũ Tài Hoa, Nguyễn Văn Phước, Ban biên dịch First News. |
| 260 | |b Nxb Trẻ |a HCM., |c 2004. | ||
| 300 | |a 362 p. ; |c 24 cm. | ||
| 500 | |a Chương trình luyện thi IELTS. | ||
| 520 | 3 | |a Academic module; General training module; Speaking test. | |
| 630 | 0 | 4 | |a IELTS. |
| 630 | 0 | 4 | |a Skills for IELTS. |
| 650 | 0 | 4 | |a English language |x Study and teaching |v Textbooks for foreign speakers. |
| 700 | 1 | |a Vũ Tài Hoa. | |
| 700 | 1 | |a Nguyễn Văn Phước. | |
| 710 | 2 | |a Ban biên dịch First News. | |
| OWN | |a LNN | ||
| AVA | |a UDN50 |b LNN |c English |d 428.01 Mo-T |e available |t Error 5001 Not defined in file expand_doc_bib_avail. |f 1 |g 0 |h N |i 0 |j AN |k 1 | ||
| 999 | |a From the UDN01 | ||
| AVA | |a UDN50 |b LNN |c English |d 428.01 Mo-T |e available |t Error 5001 Not defined in file expand_doc_bib_avail. |f 1 |g 0 |h N |i 0 |j AN |k 1 | ||
| TYP | |a Monograph | ||
| TYP | |a Printed language | ||
| 980 | |a Mạng thư viện Đại học Đà Nẵng | ||